<?xml version="1.0" encoding="UTF-8"?>
<record
    xmlns:xsi="http://www.w3.org/2001/XMLSchema-instance"
    xsi:schemaLocation="http://www.loc.gov/MARC21/slim http://www.loc.gov/standards/marcxml/schema/MARC21slim.xsd"
    xmlns="http://www.loc.gov/MARC21/slim">

  <leader>00955nam a22002057a 4500</leader>
  <controlfield tag="005">20240307153435.0</controlfield>
  <datafield tag="010" ind1=" " ind2=" ">
    <subfield code="a">HIN-126989</subfield>
  </datafield>
  <datafield tag="020" ind1=" " ind2=" ">
    <subfield code="a">9788196548353</subfield>
    <subfield code="c">250.00</subfield>
  </datafield>
  <datafield tag="035" ind1=" " ind2=" ">
    <subfield code="a">HN-99335</subfield>
  </datafield>
  <datafield tag="037" ind1=" " ind2=" ">
    <subfield code="b">DBAD/PUB</subfield>
  </datafield>
  <datafield tag="082" ind1=" " ind2=" ">
    <subfield code="a">954</subfield>
  </datafield>
  <datafield tag="100" ind1=" " ind2=" ">
    <subfield code="a">&#x938;&#x939;&#x938;&#x94D;&#x930;&#x92C;&#x941;&#x926;&#x94D;&#x927;&#x947;,&#x909;&#x92A;&#x947;&#x902;&#x926;&#x94D;&#x930;&#x947; &#x935;&#x93F;&#x928;&#x93E;&#x92F;&#x915;</subfield>
    <subfield code="9">62955</subfield>
  </datafield>
  <datafield tag="245" ind1=" " ind2=" ">
    <subfield code="a">&#x92D;&#x93E;&#x930;&#x924; &#x939;&#x940; &#x905;&#x916;&#x923;&#x94D;&#x921; &#x92D;&#x93E;&#x930;&#x924; &#x939;&#x948;/</subfield>
    <subfield code="c">&#x909;&#x92A;&#x947;&#x902;&#x926;&#x94D;&#x930;&#x947; &#x935;&#x93F;&#x928;&#x93E;&#x92F;&#x915; &#x938;&#x939;&#x938;&#x94D;&#x930;&#x92C;&#x941;&#x926;&#x94D;&#x927;&#x947;</subfield>
  </datafield>
  <datafield tag="250" ind1=" " ind2=" ">
    <subfield code="a">1</subfield>
  </datafield>
  <datafield tag="260" ind1=" " ind2=" ">
    <subfield code="a"> &#x935;&#x93E;&#x930;&#x93E;&#x923;&#x938;&#x940; </subfield>
    <subfield code="b">&#x92C;&#x941;&#x915; &#x936;&#x947;&#x932;&#x94D;&#x92B; </subfield>
    <subfield code="c">2023</subfield>
  </datafield>
  <datafield tag="270" ind1=" " ind2=" ">
    <subfield code="a">&#x926;&#x941;&#x915;&#x93E;&#x928; &#x928;. 17, &#x935;&#x93F;&#x936;&#x94D;&#x935;&#x928;&#x93E;&#x925; &#x92E;&#x902;&#x926;&#x93F;&#x930;, &#x92C;&#x940;&#x966;&#x90F;&#x91A;&#x966;&#x92F;&#x942;&#x966;</subfield>
    <subfield code="b">&#x935;&#x93E;&#x930;&#x93E;&#x923;&#x938;&#x940; </subfield>
    <subfield code="e">221005</subfield>
  </datafield>
  <datafield tag="300" ind1=" " ind2=" ">
    <subfield code="a">80&#x92A;&#x943;&#x937;&#x94D;&#x920;;</subfield>
    <subfield code="c">21&#x938;&#x947;&#x92E;&#x940;(&#x905;&#x91C;&#x93F;&#x932;&#x94D;&#x926;) </subfield>
  </datafield>
  <datafield tag="700" ind1=" " ind2=" ">
    <subfield code="a">&#x909;&#x92A;&#x947;&#x928;&#x94D;&#x926;&#x94D;&#x930; &#x935;&#x93F;&#x928;&#x93E;&#x92F;&#x915; &#x938;&#x939;&#x938;&#x94D;&#x924;&#x94D;&#x930;&#x92C;&#x941;&#x926;&#x94D;&#x927;&#x947;</subfield>
    <subfield code="9">62956</subfield>
  </datafield>
  <datafield tag="942" ind1=" " ind2=" ">
    <subfield code="c">HN</subfield>
    <subfield code="2">ddc</subfield>
    <subfield code="h">954</subfield>
    <subfield code="m">&#x938;&#x939;&#x938;&#x94D;&#x930;</subfield>
  </datafield>
  <datafield tag="999" ind1=" " ind2=" ">
    <subfield code="c">201130</subfield>
    <subfield code="d">201130</subfield>
  </datafield>
  <datafield tag="952" ind1=" " ind2=" ">
    <subfield code="0">0</subfield>
    <subfield code="1">0</subfield>
    <subfield code="4">0</subfield>
    <subfield code="7">0</subfield>
    <subfield code="8">NFIC</subfield>
    <subfield code="a">DBAD</subfield>
    <subfield code="b">DBAD</subfield>
    <subfield code="d">2024-02-29</subfield>
    <subfield code="e">DBAD/PUB</subfield>
    <subfield code="g">250.00</subfield>
    <subfield code="l">0</subfield>
    <subfield code="o">954 &#x938;&#x939;&#x938;&#x94D;&#x930;</subfield>
    <subfield code="p">HN-99335</subfield>
    <subfield code="r">2024-02-29 00:00:00</subfield>
    <subfield code="t">1</subfield>
    <subfield code="v">250.00</subfield>
    <subfield code="w">2024-02-29</subfield>
    <subfield code="y">HN</subfield>
  </datafield>
</record>
